Normal view
MARC view
- Project Supervisor Dr. Lt Col. Gul Hasan Naqvi
Entry Personal Name
001 - CONTROL NUMBER
- control field: 73103
003 - CONTROL NUMBER IDENTIFIER
- control field: NUST
005 - DATE AND TIME OF LATEST TRANSACTION
- control field: 20210628204953.0
008 - FIXED-LENGTH DATA ELEMENTS
- fixed length control field: 210628|| aca||aabn | a|a d
040 ## - CATALOGING SOURCE
- Original cataloging agency: NUST
- Transcribing agency: NUST
100 ## - HEADING--PERSONAL NAME
- Personal name: Project Supervisor Dr. Lt Col. Gul Hasan Naqvi
670 ## - SOURCE DATA FOUND
- Source citation: Work cat.: (NUST): Muhammad Bin Aamir (199962) Usman Zahid (178420) Talhah Waqar 73102, PR-SOF-1946-Design and Fabrication of Non-Pneumatic Tyres, 220
